| 000 | 00718nam a22002055i 4500 | ||
|---|---|---|---|
| 001 | 157664 | ||
| 003 | ES-MaACL | ||
| 005 | 20251222063017.0 | ||
| 008 | 040906s1890 fr |||| | fre d | ||
| 040 |
_aCAM _bspa _cCAM |
||
| 100 | 1 |
_aLévi, Sylvain, _d1863-1935 _9154583 |
|
| 245 | 1 | 3 |
_aLe théatre indien / _cpar Sylvain Lévi. |
| 260 |
_aParis : _bÉmile Bouillon, _c1890 ( _eChartres : _fImprimerie Durand) |
||
| 300 |
_aXV, 429, 121 p. ; _c25 cm. |
||
| 490 | 1 |
_aBibliothèque de l'Ecole des Hautes Études ; _v83 |
|
| 650 | 7 |
_aTeatro- _zIndia _2 _9136911 |
|
| 830 | 0 | 0 |
_aBibliothèque de l'École des Hautes Études _v83 _9187926 |
| 852 |
_aES-MaACL _jC-7605 _z-- Enc. hol. |
||
| 999 |
_c157664 _d157664 |
||